Catálogo
 En Linea

Contes / (Registro nro. 35323)

Detalles MARC
000 -CABECERA
campo de control de longitud fija 00611nam a2200157 a 4500
001 - NÚMERO DE CONTROL
campo de control 000035832
005 - FECHA Y HORA DE LA ÚLTIMA TRANSACCIÓN
campo de control 20200930074640.0
008 - DATOS DE LONGITUD FIJA--INFORMACIÓN GENERAL
campo de control de longitud fija 111115s1967 fr ac 000 0 spa d
040 ## - FUENTE DE LA CATALOGACIÓN
Centro catalogador/agencia de origen DO-SdBNP
Lengua de catalogación spa
Centro/agencia transcriptor BNPHU
082 ## - NÚMERO DE LA CLASIFICACIÓN DECIMAL DEWEY
Número de clasificación xxx
Número de documento/Ítem P454c
100 1# - ENTRADA PRINCIPAL--NOMBRE DE PERSONA
Nombre de persona Perrault, Charles,
Fechas asociadas al nombre 1628-1703
9 (RLIN) 61802
245 10 - MENCIÓN DE TÍTULO
Título Contes /
Mención de responsabilidad, etc. Charles Perrault ; Textes établis, avec introduction biographique, bibliographique, noticies, relevé de variantes, notes et glossaire par Gilbert Rouger.
260 ## - PUBLICACIÓN, DISTRIBUCIÓN, ETC.
Lugar de publicación, distribución, etc. Paris :
Nombre del editor, distribuidor, etc. Éditions Garnier Fréres,
Fecha de publicación, distribución, etc. 1967.
300 ## - DESCRIPCIÓN FÍSICA
Extensión lxxxi, 309 p. :
Otras características físicas il., retrs. ;
Dimensiones 19 cm.
700 1# - PUNTO DE ACCESO ADICIONAL--NOMBRE DE PERSONA
Nombre de persona Rouger, Gilbert
9 (RLIN) 61803
Existencias
Estado de retiro Estado de pérdida Restricciones de uso No para préstamo Código de colección Localización permanente Ubicación/localización actual Ubicación en estantería Fecha de adquisición Número de inventario Total de préstamos Signatura topográfica completa Código de barras Fecha visto por última vez Precio válido a partir de Tipo de ítem Koha
        Monografías: Libros y Folletos General General Orden iniciada 15.11.2011 LF1   xxx P454c 35832-10 25.06.2020 25.06.2020 No se presta

Con tecnología Koha